<?xml version="1.0" encoding="UTF-8"?>
<record
    xmlns:xsi="http://www.w3.org/2001/XMLSchema-instance"
    xsi:schemaLocation="http://www.loc.gov/MARC21/slim http://www.loc.gov/standards/marcxml/schema/MARC21slim.xsd"
    xmlns="http://www.loc.gov/MARC21/slim">

  <leader>01444nam a22002657a 4500</leader>
  <datafield tag="999" ind1=" " ind2=" ">
    <subfield code="c">22105</subfield>
    <subfield code="d">22105</subfield>
  </datafield>
  <controlfield tag="003">AR-CdUCM</controlfield>
  <controlfield tag="008">190425b           ||||| |||| 00| 0 spa d</controlfield>
  <datafield tag="040" ind1=" " ind2=" ">
    <subfield code="a">MUNICIPALIDAD PROVINCIAL DEL CUSCO</subfield>
    <subfield code="c">BIBLIOTECA MUNICIPAL DEL CUSCO</subfield>
  </datafield>
  <datafield tag="082" ind1=" " ind2=" ">
    <subfield code="a">Sieteculebras/N&#xB0;6/1994</subfield>
  </datafield>
  <datafield tag="245" ind1=" " ind2=" ">
    <subfield code="a">Siete culebras :</subfield>
    <subfield code="b">Revista de cultura andina /</subfield>
    <subfield code="c">Mario Guevara Paredes, Director</subfield>
  </datafield>
  <datafield tag="260" ind1=" " ind2=" ">
    <subfield code="a">Cusco :</subfield>
    <subfield code="b">Sieteculebras,</subfield>
    <subfield code="c">1994.</subfield>
  </datafield>
  <datafield tag="300" ind1=" " ind2=" ">
    <subfield code="a">22 p&#xE1;ginas. :</subfield>
    <subfield code="b">ilustraciones ;</subfield>
    <subfield code="c">30 cm.</subfield>
  </datafield>
  <datafield tag="440" ind1=" " ind2=" ">
    <subfield code="a">Revista Siete Culebras.</subfield>
    <subfield code="n">junio-julio 1994, N&#xB0;6</subfield>
    <subfield code="9">47452</subfield>
  </datafield>
  <datafield tag="505" ind1=" " ind2=" ">
    <subfield code="a">Contenido: La sensualidad del lenguaje en Gregorio Mart&#xED;nez. Mario Pantoja. -- Carta a Oria. Alberto Marces. -- El mundo andino en la percepci&#xF3;n de Jos&#xE9; Carlos Mari&#xE1;tegui. Enrique Rosas Paravicino. -- Cincuenta a&#xF1;os de la creaci&#xF3;n del d&#xED;a del Cusco renovada fe en la profec&#xED;a. Luis Nieto Degregori. -- Killku Warak&#xB4;a. Abraham Valencia. -- Entrevista con Ra&#xFA;l Brozovich. Mario Guevara paredes. -- S&#xE1;tira. Luis Negr&#xF3;n Alonso. -- Poes&#xED;a. Shelma Guevara. -- Juan Alberto Osorio. -- Cuento. Pedro G&#xF3;mez Mu&#xF1;oz.</subfield>
  </datafield>
  <datafield tag="650" ind1=" " ind2=" ">
    <subfield code="a">D&#xED;a del Cusco</subfield>
    <subfield code="9">47137</subfield>
  </datafield>
  <datafield tag="650" ind1=" " ind2=" ">
    <subfield code="a">Literatura cusque&#xF1;a</subfield>
    <subfield code="9">47453</subfield>
  </datafield>
  <datafield tag="650" ind1=" " ind2=" ">
    <subfield code="a">Narradores cusque&#xF1;os</subfield>
    <subfield code="9">31142</subfield>
  </datafield>
  <datafield tag="650" ind1=" " ind2=" ">
    <subfield code="a">Poes&#xED;a cusque&#xF1;a</subfield>
    <subfield code="9">2323</subfield>
  </datafield>
  <datafield tag="700" ind1=" " ind2=" ">
    <subfield code="a">Rosas Paravicino, Enrique</subfield>
    <subfield code="9">417</subfield>
  </datafield>
  <datafield tag="700" ind1=" " ind2=" ">
    <subfield code="a">Nieto Degregori, Luis</subfield>
    <subfield code="9">6534</subfield>
  </datafield>
  <datafield tag="700" ind1=" " ind2=" ">
    <subfield code="a">Brozovich, Ra&#xFA;l</subfield>
    <subfield code="9">47254</subfield>
  </datafield>
  <datafield tag="700" ind1=" " ind2=" ">
    <subfield code="a">Guevara paredes, Mario</subfield>
    <subfield code="9">6574</subfield>
  </datafield>
  <datafield tag="942" ind1=" " ind2=" ">
    <subfield code="2">ddc</subfield>
    <subfield code="c">PP</subfield>
  </datafield>
  <datafield tag="945" ind1=" " ind2=" ">
    <subfield code="a">rac</subfield>
  </datafield>
  <datafield tag="952" ind1=" " ind2=" ">
    <subfield code="0">0</subfield>
    <subfield code="2">ddc</subfield>
    <subfield code="4">0</subfield>
    <subfield code="7">0</subfield>
    <subfield code="a">HEM</subfield>
    <subfield code="b">HEM</subfield>
    <subfield code="c">CART</subfield>
    <subfield code="d">2022-03-07</subfield>
    <subfield code="g">5.00</subfield>
    <subfield code="o">Sieteculebras/N&#xB0;6/1994</subfield>
    <subfield code="p">REVC000810</subfield>
    <subfield code="r">2022-03-07</subfield>
    <subfield code="y">PP</subfield>
  </datafield>
</record>
